000 00665nam a22001817a 4500
999 _c13392
_d13392
008 190309b ||||| |||| 00| 0 eng d
020 _a9780813048741
082 _22014
_aAV-CD 793.3
_bG93
245 _aJazz Dance :
_ba history of the roots and branches/
_cedited by Lindsay Guarino and Wendy Oliver.
260 _bUniversity Press of Florida,
_c©2014.
300 _a331 pages;
500 _aIncludes index.
650 _aDance - History
_937434
700 _aGuarino , Lindsay editor.
_937435
700 _a Oliver,Wendy. editor.
_937436
856 _yhttps://ebookcentral.proquest.com/lib/uniofmindanao-ebooks/detail.action?docID=1632924
942 _2ddc
_cEB